000 00891cam a2200241 a 4500
001 78909
003 BD-RjUL
005 20211209083204.0
008 990416s1998 le b 001 0 ara d
020 _a: tk.930.00
035 _a(BD-RjUL)79136
040 _aMH
_cMH
_dCStRLIN
_dMiU
_beng
041 _aara
082 _223
_a297.12552
_bQAS 2011
100 1 _aابن ماجه، محمد بن يزيد.;; Ibn Mājah, Muḥammad ibn Yazīd,
_d-887.
_9250705
245 1 0 _aسنن ابن ماجه ;; Sunan Ibn Mājah /
_cأبي عبد الله محمد بن يزيد القزويني .Abī ʿAbd Allāh Muḥammad ibn Yazīd al-Qazwīnī
250 _aal-Ṭabʿah 1.
260 _aQahira :
_bDār ibn zauji ,
_c2011
300 _a524 p. ; ;
_c24 cm.
504 _aIncludes bibliographical references and indexes.
650 0 _aHadith
_vTexts
_vEarly works to 1800.
_9250706
942 _2ddc
_cBK
999 _c78909
_d78909